| 000 | 01736cam a2200421 a 4500 | ||
|---|---|---|---|
| 001 | 12008145 | ||
| 003 | OSt | ||
| 005 | 20181022081759.0 | ||
| 008 | 000515s2001 nyu c 000 1 eng | ||
| 010 | _a 00040702 | ||
| 020 | _a0439401844 | ||
| 040 |
_aDLC _cDLC _dDLC |
||
| 042 | _alcac | ||
| 050 | 0 | 0 |
_aPZ 7 _b.M636 2002 |
| 082 | 0 | 0 | _a[Fic] |
| 100 | 1 |
_aMikaelsen, Ben, _d1952- _923538 |
|
| 245 | 1 | 0 |
_aTouching spirit bear / _cBen Mikaelsen. |
| 250 | _a1st ed. | ||
| 260 |
_aNew York : _bscholastic _c2001. |
||
| 300 |
_a241 p. ; _c22 cm. |
||
| 520 | _aAfter his anger erupts into violence, Cole, in order to avoid going to prison, agrees to participate in a sentencing alternative based on the native American Circle Justice, and he is sent to a remote Alaskan Island where an encounter with a huge Spirit Bear changes his life. | ||
| 526 | _c670 | ||
| 562 | _eFor circulation. 1 copy available in the collection | ||
| 650 | 1 |
_aJuvenile delinquents _xRehabilitation _vFiction. _923539 |
|
| 650 | 1 |
_aAnger _vFiction. _923540 |
|
| 650 | 1 |
_aForgiveness _vFiction. _923541 |
|
| 650 | 1 |
_aChild abuse _vFiction. _923542 |
|
| 650 | 1 |
_aTlingit Indians _vFiction. _923543 |
|
| 650 | 1 |
_aIndians of North America _zAlaska _vFiction. _923544 |
|
| 856 | 4 | 2 |
_3Publisher description _uhttp://www.loc.gov/catdir/description/hc042/00040702.html |
| 856 | 4 | 2 |
_3Contributor biographical information _uhttp://www.loc.gov/catdir/enhancements/fy0911/00040702-b.html |
| 906 |
_a7 _bcbc _corignew _d1 _eocip _f20 _gy-gencatlg |
||
| 942 |
_2lcc _cBK |
||
| 999 |
_c33583 _d33583 |
||